[Event "32. Potsdamer Weihnachtsturnier"]
[Site "Potsdam"]
[Date "31.12.23"]
[Round "3.1"]
[White "Figura, Atila"]
[Black "Friedrich, Jan"]
[Result "1-0"]
[WhiteElo "2414"]
[BlackElo "2160"]
[PlyCount "69"]
[EventDate "31.??.??"]

1. d4 Nf6 2. c4 e6 3. Nc3 Bb4 4. Qc2 c5 5. dxc5 Qc7 6. a3 Bxc5 7. g3 a6 8. Nf3
Qb6 9. e3 Be7 10. g4 h6 11. Rg1 Nc6 12. h4 h5 13. g5 Ng4 14. b3 d6 15. Bb2 Bd7
16. Na4 Qc7 17. Bxg7 Rg8 18. Bb2 Nce5 19. Nxe5 Nxe5 20. Bxe5 dxe5 21. Nc3 O-O-O
22. Be2 f5 23. Bxh5 e4 24. Be2 Qh2 25. Rf1 Qxh4 26. b4 Rxg5 27. c5 Qh8 28.
O-O-O Rgg8 29. Bc4 Qe5 30. Qb3 Kc7 31. Ne2 b5 32. cxb6+ Kxb6 33. Nd4 Rc8 34.
Kb1 Bf6 35. Bxe6 1-0

[Event "32. Potsdamer Weihnachtsturnier"]
[Site "Potsdam"]
[Date "31.14.23"]
[Round "3.2"]
[White "Lenhardt, Manfred"]
[Black "Reichenbach, Werner"]
[Result "1/2-1/2"]
[WhiteElo "2155"]
[BlackElo "2335"]
[PlyCount "65"]
[EventDate "31.??.??"]

1. d4 d6 2. e4 Nf6 3. Nc3 e5 4. dxe5 dxe5 5. Qxd8+ Kxd8 6. Bc4 Be6 7. Bxe6 fxe6
8. Bg5 a6 9. Nge2 h6 10. Bxf6+ gxf6 11. O-O-O+ Bd6 12. Rd3 Ke7 13. g4 Nd7 14.
Ng3 Nf8 15. Nce2 Ng6 16. Nh5 Rad8 17. Rhd1 Rhg8 18. Rh3 Bc5 19. Rxd8 Rxd8 20.
Rf3 Rf8 21. Rc3 Bd6 22. Rh3 b5 23. c3 c5 24. c4 b4 25. Kc2 Bc7 26. a3 a5 27. a4
Rg8 28. f3 Rh8 29. Nc1 Kf7 30. Nb3 Bb6 31. Nc1 Ne7 32. Ng3 Nc6 33. Nd3 (33.
Nge2 Bc7 34. Nd3 Bd6 35. Rh5 Kg7 36. b3 Re8 37. Kd2 Kh7 38. Ke3 Rg8 39. Kf2 Rg5
40. Rxg5 hxg5 41. Kg3 Kh6 42. h3 Kg6 43. Kf2) 1/2-1/2

[Event "32. Potsdamer Weihnachtsturnier"]
[Site "Potsdam"]
[Date "31.14.23"]
[Round "3.3"]
[White "Schlüter, Bernd"]
[Black "Holzschuh, Stephan"]
[Result "0-1"]
[WhiteElo "2083"]
[BlackElo "2297"]
[PlyCount "144"]
[EventDate "31.??.??"]

1. d4 Nf6 2. c4 c5 3. Nf3 cxd4 4. Nxd4 e6 5. Nc3 a6 6. e4 Qc7 7. Be2 Be7 8. O-O
b6 9. Be3 Bb7 10. f3 d6 11. Qd2 Nbd7 12. a3 O-O 13. b4 Rac8 14. Rfc1 Qb8 15.
Nb3 Bd8 16. Qe1 Bc7 17. g3 Qa8 18. Qf2 d5 19. exd5 exd5 20. c5 bxc5 21. Nxc5
Nxc5 22. Bxc5 Rfe8 23. Bd4 Be5 24. Bd3 Nd7 25. Bf5 Rc4 26. Ne2 Bxd4 27. Nxd4
Ne5 28. f4 Rxd4 29. fxe5 Rc4 30. Rxc4 dxc4 31. Re1 Bd5 32. h4 g6 33. Bh3 Be6
34. Bxe6 Rxe6 35. Rf1 Qe8 36. Qd4 Rxe5 37. Qxc4 Re3 38. Kg2 Rxa3 39. h5 Re3 40.
Qd4 Qe4+ 41. Qxe4 Rxe4 42. hxg6 hxg6 43. Ra1 Re6 44. Kf3 Rb6 45. g4 f6 46. Rc1
Kf7 47. Rc7+ Ke6 48. g5 f5 49. Rg7 Kd5 50. Rf7 Re6 51. Rf8 Kd4 52. Rf6 Ke5 53.
Rf8 Rc6 54. Re8+ Kd4 55. Rf8 Rd6 56. Rf7 Ke5 57. Rf8 Rd3+ 58. Kf2 Kf4 59. Rf6
Kxg5 60. Rxa6 Kh5 61. b5 g5 62. Ra8 Rb3 63. Rb8 Kg4 64. b6 f4 65. b7 Rb2+ 66.
Ke1 Kf3 67. Rg8 Rb1+ 68. Kd2 Rxb7 69. Rxg5 Re7 70. Rg8 Kf2 71. Rg4 Rd7+ 72. Kc1
f3 0-1

[Event "32. Potsdamer Weihnachtsturnier"]
[Site "Potsdam"]
[Date "31.14.23"]
[Round "3.4"]
[White "Trenner, Rolf"]
[Black "Zschäbitz, Klaus"]
[Result "0-1"]
[WhiteElo "2261"]
[BlackElo "2101"]
[PlyCount "119"]
[EventDate "31.??.??"]

1. d4 Nf6 2. c4 d6 3. Nc3 Nbd7 4. g3 e5 5. Nf3 c6 6. Bg2 Be7 7. O-O O-O 8. Qc2
Qc7 9. b3 Re8 10. Bb2 Bf8 11. e3 g6 12. a3 a6 13. Rfc1 exd4 14. Nxd4 Ne5 15.
Ne4 Nxe4 16. Bxe4 Qe7 17. Bg2 Bg7 18. Re1 Bg4 19. h3 Bc8 20. f4 Nd7 21. e4 Nc5
22. Rad1 Qf8 23. b4 Ne6 24. Nf3 Bxb2 25. Qxb2 Ng7 26. Qd4 Be6 27. Ng5 Rad8 28.
Nxe6 Nxe6 29. Qd3 c5 30. Qb1 b6 31. Re3 Nd4 32. bxc5 bxc5 33. Qb6 Rb8 34. Qxa6
Rb2 35. e5 dxe5 36. fxe5 Qh6 37. Re4 Ne2+ 38. Kh2 Nc3 39. Qc6 Qf8 40. Rd7 Rc8
41. e6 Rxc6 42. e7 Qe8 43. Rd8 Rc8 44. Rxc8 Qxc8 45. e8=Q+ Qxe8 46. Rxe8+ Kg7
47. Re5 Na4 48. Re7 Nb6 49. Kg1 Nxc4 50. Bd5 Nd6 51. Rd7 Rb6 52. Kf2 c4 53. a4
Kf6 54. Ke3 Nf5+ 55. Kd2 Rb4 56. a5 Ne7 57. a6 Nxd5 58. Rxd5 Ra4 59. Rd6+ Ke5
60. Rc6 0-1

[Event "32. Potsdamer Weihnachtsturnier"]
[Site "Potsdam"]
[Date "31.14.23"]
[Round "3.5"]
[White "Brüdigam, Martin"]
[Black "Schrodt, Sebastian"]
[Result "1-0"]
[WhiteElo "2197"]
[BlackElo "1764"]
[PlyCount "67"]
[EventDate "31.??.??"]

1. e4 d5 2. exd5 Qxd5 3. Nc3 Qa5 4. Nf3 Nf6 5. d4 c6 6. Bc4 Bg4 7. O-O e6 8. h3
Bh5 9. Re1 Be7 10. Qd3 Bxf3 11. Qxf3 Nbd7 12. Bf4 Nb6 13. Bb3 Nbd5 14. Nxd5
Nxd5 15. Be5 Nf6 16. Qg3 O-O-O 17. Qxg7 Rdf8 18. Bxf6 Rhg8 19. Bxe6+ Kb8 20.
Bxe7 Rxg7 21. Bxf8 Rg6 22. Bg4 f5 23. Bf3 Qd2 24. Re2 Qf4 25. Kh1 Qxd4 26. c3
Qa4 27. Bc5 Rg8 28. Bd4 b6 29. b3 Qb5 30. c4 Qb4 31. Bxc6 Qa5 32. Rd1 Kc7 33.
Bd5 Rd8 34. Be5+ 1-0

[Event "32. Potsdamer Weihnachtsturnier"]
[Site "Potsdam"]
[Date "31.14.23"]
[Round "3.6"]
[White "Pohl, Mathias"]
[Black "Püschel, Werner"]
[Result "1/2-1/2"]
[WhiteElo "2059"]
[BlackElo "2177"]
[PlyCount "65"]
[EventDate "31.??.??"]

1. d4 c5 2. Nf3 Nf6 3. c4 g6 4. e3 Bg7 5. Nc3 O-O 6. Be2 b6 7. O-O Bb7 8. Qc2
Qc7 9. b3 Nc6 10. Bb2 Nb4 11. Qd2 Rad8 12. d5 a5 13. a3 Na6 14. Rad1 d6 15. Ng5
h6 16. Nge4 Nxe4 17. Nxe4 Bxb2 18. Qxb2 e5 19. f4 f5 20. Nc3 exf4 21. exf4 Bc8
22. Bd3 Qg7 23. Na4 Qxb2 24. Nxb2 Bd7 25. Rde1 Kf7 26. Kf2 Rfe8 27. Na4 Rxe1
28. Rxe1 Rb8 29. Nc3 Nc7 30. a4 Re8 31. Rxe8 Nxe8 32. Kf3 Nf6 33. Nd1 1/2-1/2

[Event "32. Potsdamer Weihnachtsturnier"]
[Site "Potsdam"]
[Date "31.14.23"]
[Round "3.7"]
[White "Mantau, Jan"]
[Black "Bernhöft, Erhard"]
[Result "1-0"]
[WhiteElo "2230"]
[BlackElo "2031"]
[PlyCount "45"]
[EventDate "31.??.??"]

1. e4 c5 2. Nf3 Nc6 3. d4 cxd4 4. Nxd4 Qb6 5. Nb5 a6 6. Be3 Qa5+ 7. N5c3 Nf6 8.
Nd2 b5 9. a4 b4 10. Nc4 Qc7 11. Nd5 Nxd5 12. exd5 Ne5 13. Qd4 Nxc4 14. Bxc4 Bb7
15. Rd1 Rc8 16. b3 e5 17. Qg4 g6 18. f4 f5 19. Qg3 Bg7 20. d6 Qc6 21. Qg5 Bf8
22. Qf6 Qe4 23. Qf7+ 1-0

[Event "32. Potsdamer Weihnachtsturnier"]
[Site "Potsdam"]
[Date "31.14.23"]
[Round "3.9"]
[White "Blomel, Christopher"]
[Black "Rietze, Clemens"]
[Result "0-1"]
[WhiteElo "1839"]
[BlackElo "2083"]
[PlyCount "54"]
[EventDate "31.??.??"]

1. e4 e5 2. f4 exf4 3. Nf3 g5 4. Bc4 Nc6 5. d4 Bg7 6. O-O d6 7. c3 h6 8. Nh4
gxh4 9. Bxf7+ Kxf7 10. Qh5+ Kf8 11. Bxf4 Nf6 12. Qxh4 Kg8 13. Nd2 Bd7 14. Rf3
Qe8 15. Raf1 Qh5 16. Qg3 Kh7 17. e5 dxe5 18. Bxe5 Nxe5 19. dxe5 Ng4 20. Rf7 Be6
21. Rxc7 Qxe5 22. Qxe5 Nxe5 23. Rxb7 Rhb8 24. Re7 Rxb2 25. Ne4 Bc4 26. Re1 Kh8
27. Nd6 Bd5 0-1

[Event "32. Potsdamer Weihnachtsturnier"]
[Site "Potsdam"]
[Date "31.14.23"]
[Round "3.10"]
[White "Schmidt, David"]
[Black "Allgaier, Erik"]
[Result "0-1"]
[WhiteElo "1972"]
[BlackElo "2060"]
[PlyCount "82"]
[EventDate "31.??.??"]

1. d4 g6 2. g3 Bg7 3. Bg2 d6 4. Nf3 Nd7 5. O-O Ngf6 6. b3 O-O 7. Bb2 c6 8. c4
Qc7 9. Nbd2 e5 10. Rc1 Re8 11. e3 h6 12. b4 e4 13. Ne1 Nf8 14. h3 Qe7 15. b5
cxb5 16. cxb5 d5 17. Qb3 Be6 18. Nc2 Qd7 19. Kh2 N8h7 20. a4 Rac8 21. Nb4 Bf8
22. Ba3 Ng5 23. h4 Rxc1 24. Rxc1 Nh3 25. f3 Nf2 26. Kg1 exf3 27. Nxf3 N6g4 28.
Nd3 Nxd3 29. Qxd3 Bf5 30. Qb3 Rxe3 31. Rc3 Rxc3 32. Qxc3 Bxa3 33. Qxa3 Qe6 34.
Qc1 Qe4 35. Qd2 b6 36. Ne5 Qb1+ 37. Bf1 Nxe5 38. dxe5 Bh3 39. Qf4 Qxf1+ 40.
Qxf1 Bxf1 41. Kxf1 f5 0-1

[Event "32. Potsdamer Weihnachtsturnier"]
[Site "Potsdam"]
[Date "31.14.23"]
[Round "3.11"]
[White "Stratonowitsch, Andre"]
[Black "Illner, Kristof"]
[Result "1-0"]
[WhiteElo "2008"]
[BlackElo "2028"]
[PlyCount "126"]
[EventDate "31.??.??"]

1. e4 e5 2. Nf3 Nc6 3. Bb5 Bc5 4. O-O Nd4 5. Nxd4 exd4 6. d3 c6 7. Bc4 Qh4 8.
Qf3 Qf6 9. Qg3 d6 10. f4 Qg6 11. Qf2 Nf6 12. f5 Qh5 13. h3 Nd7 14. Bf4 Ne5 15.
Nd2 b5 16. Bb3 f6 17. Qg3 Kf8 18. Nf3 Qe8 19. Qh4 Nxf3+ 20. Rxf3 Ke7 21. e5
dxe5 22. Bxe5 Kd7 23. Bxd4 Bd6 24. Re1 Qf8 25. Be6+ Kc7 26. Bf2 Be5 27. Bg3 Bd6
28. Rfe3 Bxe6 29. Rxe6 Bxg3 30. Qxg3+ Kb6 31. Re7 Qd8 32. Qe3+ Ka6 33. c4 Rg8
34. cxb5+ Kxb5 35. d4 Qd5 36. a4+ Kb6 37. b4 Rad8 38. Rd1 Rd7 39. Rxd7 Qxd7 40.
d5+ Kb7 41. dxc6+ Qxc6 42. Qe7+ Kb8 43. b5 Qc7 44. Qd7 Rc8 45. Qd4 Qc4 46. Qd6+
Qc7 47. g4 Re8 48. Rd4 Kc8 49. Qa6+ Kb8 50. Qd6 Kc8 51. Qxc7+ Kxc7 52. Rc4+ Kb7
53. Kf2 Re7 54. Kf3 a6 55. bxa6+ Kxa6 56. h4 h6 57. g5 fxg5 58. hxg5 hxg5 59.
Kg4 Kb6 60. Kxg5 Rf7 61. Re4 Kc5 62. a5 Ra7 63. a6 Rf7 1-0

[Event "32. Potsdamer Weihnachtsturnier"]
[Site "Potsdam"]
[Date "31.14.23"]
[Round "3.12"]
[White "Schöne, Ralf"]
[Black "Mühlhan"]
[Result "1-0"]
[WhiteElo "2324"]
[BlackElo "1946"]
[PlyCount "67"]
[EventDate "31.??.??"]

1. d4 Nf6 2. c4 c5 3. e3 e6 4. Nf3 b6 5. Nc3 a6 6. Be2 Be7 7. d5 d6 8. a4 O-O
9. O-O Nbd7 10. e4 Ng4 11. Ne1 Nge5 12. f4 Ng6 13. g3 Bf6 14. Ng2 Bd4+ 15. Kh1
Nf6 16. Bf3 exd5 17. cxd5 Re8 18. Ne2 Nxe4 19. Nxd4 cxd4 20. Qxd4 Nc5 21. Ra3
Bd7 22. Bd2 Rc8 23. Ne3 b5 24. axb5 Bxb5 25. Re1 Qb6 26. Nf5 Rxe1+ 27. Bxe1 f6
28. Re3 Bd7 29. Ne7+ Nxe7 30. Rxe7 Qb5 31. Be2 Qb7 32. Bc3 Re8 33. Rxg7+ Kh8
34. Qxf6 1-0

[Event "32. Potsdamer Weihnachtsturnier"]
[Site "Potsdam"]
[Date "31.14.24"]
[Round "3.13"]
[White "Schulz, Wolfgang"]
[Black "Bachran, Boris"]
[Result "1/2-1/2"]
[WhiteElo "2173"]
[BlackElo "1932"]
[PlyCount "73"]
[EventDate "31.??.??"]

1. e4 c6 2. d4 d5 3. Nc3 dxe4 4. Nxe4 Bf5 5. Ng3 Bg6 6. Nf3 e6 7. Ne5 Nd7 8.
Nxg6 hxg6 9. Bd3 Bd6 10. Qf3 Ngf6 11. h3 Qa5+ 12. c3 Qd5 13. Qxd5 exd5 14. Ne2
O-O-O 15. Be3 Ng4 16. Bf4 Bxf4 17. Nxf4 Rde8+ 18. Ne2 Ndf6 19. O-O Nh6 20. Rfe1
Kd8 21. Ng3 Nh5 22. Ne2 Nf6 23. b4 a6 24. a4 Kc7 25. b5 axb5 26. axb5 Ra8 27.
g4 Nd7 28. Ng3 Rxa1 29. Rxa1 Re8 30. bxc6 bxc6 31. c4 Rb8 32. cxd5 cxd5 33.
Ra7+ Rb7 34. Rxb7+ Kxb7 35. Bb5 Kc7 36. Ne2 Ng8 37. f4 1/2-1/2

[Event "32. Potsdamer Weihnachtsturnier"]
[Site "Potsdam"]
[Date "31.14.23"]
[Round "3.14"]
[White "Zimmermann, René"]
[Black "Hein, Carsten"]
[Result "0-1"]
[WhiteElo "1917"]
[BlackElo "2133"]
[PlyCount "86"]
[EventDate "31.??.??"]

1. d4 Nf6 2. c4 g6 3. f3 c5 4. d5 d6 5. Nc3 Bg7 6. e4 a6 7. a4 Nbd7 8. Bd2 Qc7
9. Nge2 O-O 10. g4 e6 11. Nf4 exd5 12. Ncxd5 Qd8 13. Bc3 Nxd5 14. Nxd5 Qh4+ 15.
Kd2 Ne5 16. Be2 Be6 17. Kc2 Bxd5 18. exd5 f5 19. h3 b5 20. axb5 axb5 21. Rxa8
Rxa8 22. cxb5 fxg4 23. f4 Nd7 24. Bxg4 Bxc3 25. Kxc3 Nb6 26. Be6+ Kg7 27. Rf1
Qf6+ 28. Kc2 Nc4 29. Qc1 Qd4 30. Rf3 Ra2 31. Rb3 Qe4+ 32. Kd1 Ra1 33. Qxa1 Qh1+
34. Kc2 Qxa1 35. b6 Qe1 36. b7 Qe2+ 37. Kb1 Nd2+ 38. Ka2 Qa6+ 39. Ra3 Qxb7 40.
Rg3 Nc4 41. b3 Qa6+ 42. Kb1 Qa3 43. Kc2 Qb2+ 0-1

[Event "32. Potsdamer Weihnachtsturnier"]
[Site "Potsdam"]
[Date "31.14.23"]
[Round "3.15"]
[White "Scholvin, Erich"]
[Black "Scholz, Robert"]
[Result "1-0"]
[WhiteElo "2125"]
[BlackElo "1914"]
[PlyCount "55"]
[EventDate "31.??.??"]

1. d4 f5 2. Bg5 g6 3. e3 Bg7 4. Nf3 d6 5. Bc4 Nf6 6. Nbd2 Nbd7 7. a4 d5 8. Bb3
c6 9. O-O O-O 10. c4 e6 11. Ne5 Qe8 12. Bf4 Ne4 13. Nxd7 Qxd7 14. Nf3 Qd8 15.
Be5 Ng5 16. Bxg7 Nxf3+ 17. Qxf3 Kxg7 18. Rfc1 Qb6 19. Qd1 f4 20. a5 Qd8 21. Qe2
Qg5 22. exf4 Rxf4 23. Qe3 Qf6 24. Rd1 Re4 25. Qd2 Bd7 26. g3 Rf8 27. f4 c5 28.
cxd5 (28. dxc5 Bc6 29. cxd5 exd5 30. Re1 Rfe8 31. Rxe4 dxe4 32. Rd1 Qf5 33. Qe3
Rc8 34. Bc2 Re8 35. b4 Qg4 36. Kf2 Qh5 37. h4 Qf3+ 38. Qxf3 exf3 39. Rd2 Kh6
40. Bd1 Re4 41. Rb2) 1-0

[Event "32. Potsdamer Weihnachtsturnier"]
[Site "Potsdam"]
[Date "31.14.23"]
[Round "3.16"]
[White "Schmidt, Jörg"]
[Black "Karunaharamoorty, Achudhan"]
[Result "1-0"]
[WhiteElo "2117"]
[BlackElo "1877"]
[PlyCount "85"]
[EventDate "31.??.??"]

1. e4 c5 2. Nf3 d6 3. Bb5+ Bd7 4. Bxd7+ Qxd7 5. c4 g6 6. d4 cxd4 7. Nxd4 Nf6 8.
Nc3 Bg7 9. f3 Nc6 10. Be3 O-O 11. O-O Ne8 12. Rc1 Nc7 13. b3 Ne6 14. Nxe6 Qxe6
15. Nd5 Rac8 16. Qd2 Rfd8 17. Kh1 Qd7 18. Qf2 b6 19. Qh4 Re8 20. Rcd1 Qd8 21.
Bh6 Bxh6 22. Qxh6 e6 23. Ne3 Qe7 24. f4 Rcd8 25. Ng4 f5 26. Nf2 Qg7 27. Qh3 Kf7
28. Qd3 Nb4 29. Qe2 Nc6 30. Qf3 Nd4 31. Qd3 Nc6 32. Rd2 Re7 33. Rfd1 Red7 34.
Qe2 Ke7 35. g4 Qf7 36. Qf3 Na5 37. Nh3 Rf8 38. gxf5 gxf5 39. e5 Nb7 40. Ng5 Qg7
41. exd6+ Nxd6 42. Rxd6 Rxd6 43. Qb7+ 1-0

[Event "32. Potsdamer Weihnachtsturnier"]
[Site "Potsdam"]
[Date "31.14.23"]
[Round "3.17"]
[White "Sonntag, Sven"]
[Black "Platzek, Janine"]
[Result "1-0"]
[WhiteElo "1894"]
[BlackElo "2039"]
[PlyCount "57"]
[EventDate "31.??.??"]

1. c4 Nf6 2. d4 c5 3. d5 e6 4. Nc3 exd5 5. cxd5 d6 6. e4 g6 7. Bb5+ Nbd7 8.
Nge2 Bg7 9. Ng3 O-O 10. h4 h5 11. f4 Ng4 12. Be2 Nb6 13. f5 gxf5 14. Nxh5 Bd4
15. Bxg4 fxg4 16. Qd2 Qe7 17. Qh6 Bf5 18. Be3 f6 19. Bxd4 cxd4 20. O-O dxc3 21.
Rxf5 Nd7 22. bxc3 Rf7 23. Raf1 Qxe4 24. R1f4 Qe1+ 25. Rf1 Qxc3 26. Nxf6+ Rxf6
27. Rg5+ Kf7 28. Rg7+ Ke8 29. Rg8+ 1-0

[Event "32. Potsdamer Weihnachtsturnier"]
[Site "Potsdam"]
[Date "31.14.23"]
[Round "3.18"]
[White "Lindemann, Frank"]
[Black "Binder, Thomas"]
[Result "1-0"]
[WhiteElo "2034"]
[BlackElo "1832"]
[PlyCount "45"]
[EventDate "31.??.??"]

1. e4 d5 2. exd5 Nf6 3. d4 Nxd5 4. c4 Nb6 5. Nc3 g6 6. Be3 Bg7 7. Qd2 Nc6 8.
Rd1 Bf5 9. Nf3 Nb4 10. Rc1 O-O 11. Be2 Nc6 12. h3 e5 13. d5 e4 14. Ng5 Ne5 15.
b3 Nd3+ 16. Bxd3 exd3 17. g4 Re8 18. O-O Bd7 19. Qxd3 f5 20. d6 c6 21. c5 Bxc3
22. cxb6 Bf6 23. Qc4+ 1-0

[Event "32. Potsdamer Weihnachtsturnier"]
[Site "Potsdam"]
[Date "31.14.23"]
[Round "3.19"]
[White "Schirrmacher, Carsten"]
[Black "Grigoleit, Eckhard"]
[Result "1-0"]
[WhiteElo "2021"]
[BlackElo "1757"]
[PlyCount "103"]
[EventDate "31.??.??"]

1. d4 d5 2. c4 dxc4 3. Nf3 Nf6 4. e3 Nc6 5. Bxc4 e6 6. O-O a6 7. Nc3 Bb4 8. Qe2
O-O 9. Rd1 Bxc3 10. bxc3 Nd5 11. Qc2 f5 12. Ba3 Rf6 13. Bb3 b5 14. Bc5 Bb7 15.
a4 Rg6 16. axb5 axb5 17. Rxa8 Bxa8 18. Ra1 Nce7 19. Qa2 Bb7 20. Qa7 Qc8 21. Ne5
Nc6 22. Nxc6 Bxc6 23. Qa6 Qd7 24. Qa8+ Qe8 25. Bxd5 exd5 26. Qxe8+ Bxe8 27. Ra7
Rc6 28. h4 Rh6 29. Rxc7 Rh5 30. Bd6 Rh6 31. Be5 Rg6 32. Rc5 Rc6 33. Rxd5 Rxc3
34. Rd8 Kf7 35. d5 Rc1+ 36. Kh2 g6 37. Rb8 g5 38. Rb7+ Kg6 39. Rb6+ Kh5 40. Rb8
Bf7 41. d6 Rd1 42. Bd4 Be6 43. Rxb5 f4 44. Re5 Bd7 45. Re7 fxe3 46. fxe3 Bc6
47. Rxh7+ Kg6 48. Rg7+ Kh6 49. Rc7 Be4 50. Re7 Bc6 51. d7 Rd2 52. Re6+ 1-0

[Event "32. Potsdamer Weihnachtsturnier"]
[Site "Potsdam"]
[Date "31.14.23"]
[Round "3.20"]
[White "Schrodt, Horst"]
[Black "Scheide, Helmut"]
[Result "1/2-1/2"]
[WhiteElo "1670"]
[BlackElo "2008"]
[PlyCount "53"]
[EventDate "31.??.??"]

1. d4 Nf6 2. c4 e6 3. Nc3 Bb4 4. e3 c5 5. Bd3 Nc6 6. Nge2 O-O 7. dxc5 Ne5 8.
O-O Nxd3 9. Qxd3 Bxc5 10. Ne4 Nxe4 11. Qxe4 d5 12. cxd5 exd5 13. Qd3 Be6 14. b3
Qf6 15. Qc3 Be7 16. Bb2 Qxc3 17. Bxc3 Rfc8 18. Rad1 Rc6 19. Rd4 Bc5 20. Rd2
Rac8 21. Nd4 Bxd4 22. Bxd4 Rc2 23. Rxc2 Rxc2 24. Bxa7 Rxa2 25. Bc5 Rb2 26. b4
Bf5 27. h3 1/2-1/2

[Event "32. Potsdamer Weihnachtsturnier"]
[Site "Potsdam"]
[Date "31.14.23"]
[Round "3.21"]
[White "Steppan, Siegfried"]
[Black "Langner, Tobias"]
[Result "0-1"]
[WhiteElo "1583"]
[BlackElo "2004"]
[PlyCount "77"]
[EventDate "31.??.??"]

1. d4 Nf6 2. c4 g6 3. Nc3 Bg7 4. e4 d6 5. h3 O-O 6. Bg5 h6 7. Be3 e5 8. d5 Na6
9. Qd2 Kh7 10. Be2 Nc5 11. Bxc5 dxc5 12. g4 Ne8 13. h4 Nd6 14. O-O-O Bd7 15. f3
a6 16. a4 Qe8 17. Qc2 Qe7 18. Bd3 Rfb8 19. Nge2 b5 20. axb5 axb5 21. b3 Ra7 22.
Kd2 Rba8 23. Rb1 bxc4 24. bxc4 Kg8 25. Rb2 Bf6 26. Rhb1 Bxh4 27. Rb8+ Kg7 28.
Qb2 Qf6 29. Ke3 Bg5+ 30. Kf2 Bxg4 31. Ng1 Qf4 32. Qe2 Rxb8 33. Rxb8 Qc1 34.
fxg4 Qxc3 35. Nf3 Bf4 36. Rb1 Ra3 37. Rd1 Rb3 38. Qf1 Nxc4 39. Kg2 0-1

[Event "32. Potsdamer Weihnachtsturnier"]
[Site "Potsdam"]
[Date "31.14.23"]
[Round "3.22"]
[White "Schilling, Florian"]
[Black "Kämmler, Florian"]
[Result "1-0"]
[WhiteElo "2003"]
[BlackElo "1612"]
[PlyCount "53"]
[EventDate "31.??.??"]

1. b3 e5 2. Bb2 Nc6 3. g3 d5 4. Bg2 Nf6 5. d3 Bc5 6. Nf3 d4 7. O-O Bg4 8. Nbd2
Nd5 9. Ne4 Bb6 10. c4 Nde7 11. a3 f5 12. Ned2 a5 13. b4 axb4 14. axb4 Ng6 15.
Rxa8 Qxa8 16. c5 Ba7 17. Qa4 O-O 18. Ra1 b5 19. cxb6 cxb6 20. Nxd4 b5 21. Qb3+
Kh8 22. Nxc6 Bxf2+ 23. Kxf2 Qe8 24. Ra7 f4 25. Qd5 fxg3+ 26. Kxg3 h5 27. Nxe5
1-0

[Event "32. Potsdamer Weihnachtsturnier"]
[Site "Potsdam"]
[Date "31.14.23"]
[Round "3.23"]
[White "Grigoleot, Steven"]
[Black "Göpel, Martin"]
[Result "1/2-1/2"]
[WhiteElo "1999"]
[BlackElo "1732"]
[PlyCount "66"]
[EventDate "31.??.??"]

1. e4 c5 2. Nc3 e6 3. f4 a6 4. Nf3 d6 5. g3 Nf6 6. Bg2 Be7 7. O-O O-O 8. d3 Nc6
9. h3 Qc7 10. Be3 b6 11. g4 Bb7 12. Qe1 Rad8 13. Ne2 d5 14. e5 Ne8 15. Qg3 d4
16. Bd2 f6 17. a3 f5 18. gxf5 Rxf5 19. h4 g6 20. Bh3 Rf8 21. Bxe6+ Kh8 22. Qg4
Ng7 23. Ng3 Nxe6 24. Qxe6 Bc8 25. Qa2 Qd7 26. e6 Qxe6 27. Qxe6 Bxe6 28. Rae1
Bd5 29. Ne4 Rde8 30. Neg5 Bxg5 31. Nxg5 h6 32. Ne4 Re6 33. Ng3 Kg7 1/2-1/2

[Event "32. Potsdamer Weihnachtsturnier"]
[Site "Potsdam"]
[Date "31.14.23"]
[Round "3.25"]
[White "Petrak, Falk"]
[Black "Hadlich, Winfried"]
[Result "0-1"]
[WhiteElo "1760"]
[BlackElo "1990"]
[PlyCount "58"]
[EventDate "31.??.??"]

1. Nf3 d5 2. d4 Nf6 3. c4 dxc4 4. Nc3 c6 5. a4 Bf5 6. Bg5 Ne4 7. Nxe4 Bxe4 8.
Qd2 h6 9. Bh4 g5 10. Bg3 e6 11. Qc3 Qb6 12. Nd2 Bb4 13. Qe3 Bxd2+ 14. Qxd2 Na6
15. Be5 Nb4 16. Rc1 Rg8 17. f3 Bh7 18. Rxc4 a5 19. e4 O-O-O 20. g4 h5 21. h3 f5
22. gxf5 exf5 23. h4 g4 24. fxg4 Rxg4 25. exf5 Re4+ 26. Be2 Rxe5 27. Qh6 Rxd4
28. Rxd4 Nc2+ 29. Kf1 Qxd4 0-1

[Event "32. Potsdamer Weihnachtsturnier"]
[Site "Potsdam"]
[Date "31.14.23"]
[Round "3.27"]
[White "Welz, Peter"]
[Black "Hadlich, Roland"]
[Result "1-0"]
[WhiteElo "2139"]
[BlackElo "1533"]
[PlyCount "89"]
[EventDate "31.??.??"]

1. e4 c5 2. Nc3 d6 3. g3 b6 4. Bg2 Bb7 5. d3 Nf6 6. f4 e6 7. Nf3 a6 8. O-O Nc6
9. Bd2 Nd4 10. Nxd4 cxd4 11. Ne2 e5 12. h3 g6 13. Qe1 Bg7 14. Qf2 O-O 15. fxe5
dxe5 16. Bg5 Nxe4 17. Bxd8 Nxf2 18. Bxb6 Bxg2 19. Kxg2 Nxd3 20. cxd3 Rab8 21.
Bc5 Rfc8 22. Ba3 Rc2 23. Rf2 Bh6 24. Ng1 Rbc8 25. Re1 Be3 26. Rxc2 Rxc2+ 27.
Re2 Rc1 28. Nf3 f6 29. Ne1 Rd1 30. Bb4 Kf7 31. Kf3 f5 32. Rc2 Rc1 33. b3 Ke6
34. Rxc1 Bxc1 35. Nc2 Kd5 36. Ke2 e4 37. Bd2 Bxd2 38. Kxd2 a5 39. a3 g5 40. Ne1
h5 41. Ng2 Ke5 42. Ke2 f4 43. gxf4+ gxf4 44. dxe4 Kxe4 45. Ne1 1-0

[Event "32. Potsdamer Weihnachtsturnier"]
[Site "Potsdam"]
[Date "31.14.23"]
[Round "3.28"]
[White "Wiezer, Siegfried"]
[Black "Pugliese, Roland"]
[Result "1-0"]
[WhiteElo "2065"]
[BlackElo "1447"]
[PlyCount "61"]
[EventDate "31.??.??"]

1. d4 d5 2. Nf3 Nf6 3. Bg5 e6 4. c4 c6 5. e3 Be7 6. Nc3 O-O 7. Rc1 Nbd7 8. Be2
h6 9. Bh4 Qb6 10. Qc2 Bb4 11. O-O Qa5 12. Na4 b5 13. cxb5 cxb5 14. Nc5 Ba6 15.
Nxa6 Qxa6 16. Qb3 Qa5 17. a3 Bd6 18. Rc6 Ne4 19. Qxb5 Qxb5 20. Bxb5 Nb6 21. Ba6
Rab8 22. b4 Na4 23. Rfc1 Nb2 24. R1c2 Na4 25. Bd3 f5 26. Bxe4 fxe4 27. Rxd6
exf3 28. gxf3 Rbe8 29. Rc7 g5 30. Bg3 Rxf3 31. Rdd7 1-0

[Event "32. Potsdamer Weihnachtsturnier"]
[Site "Potsdam"]
[Date "31.14.23"]
[Round "3.29"]
[White "Nekrassova, Ekatherina"]
[Black "Rolfes, Leon"]
[Result "1/2-1/2"]
[WhiteElo "1791"]
[BlackElo "1016"]
[PlyCount "71"]
[EventDate "31.??.??"]

1. e4 d5 2. exd5 Nf6 3. Nc3 Nxd5 4. Nxd5 Qxd5 5. Nf3 Bg4 6. Be2 Nc6 7. O-O g6
8. Re1 Bg7 9. c3 O-O 10. d4 Rfe8 11. Bf4 Qa5 12. Qb3 Qb6 13. Qxb6 cxb6 14. h3
Bf5 15. Bb5 a6 16. Bc4 b5 17. Bb3 e6 18. Re3 h6 19. Rae1 g5 20. Bd6 Na5 21. g4
Bg6 22. d5 Nxb3 23. axb3 Rad8 24. dxe6 Rxe6 25. Rxe6 fxe6 26. Be5 Bf7 27. Bxg7
Kxg7 28. Nd4 Kf6 29. b4 Rd5 30. Re3 Re5 31. Kg2 Rxe3 32. fxe3 Bg6 33. Kf3 e5
34. Nb3 b6 35. Nd2 Ke6 36. e4 1/2-1/2

[Event "32. Potsdamer Weihnachtsturnier"]
[Site "Potsdam"]
[Date "31.14.23"]
[Round "3.30"]
[White "Gädke, Peter"]
[Black "Lange, Werner"]
[Result "1-0"]
[WhiteElo "1971"]
[BlackElo "1758"]
[PlyCount "47"]
[EventDate "31.??.??"]

1. e4 e5 2. Nf3 Nf6 3. Nxe5 d6 4. Nf3 Nxe4 5. d4 d5 6. Bd3 Be7 7. O-O Nd6 8.
Re1 Be6 9. Nbd2 Nd7 10. c3 O-O 11. Qc2 g6 12. Ne5 Bf5 13. Ndf3 Bf6 14. Bxf5
Nxf5 15. Ng4 Bg7 16. Bg5 Qc8 17. Ne3 Nxe3 18. Rxe3 Nf6 19. Rae1 Ne4 20. Bf4 Re8
21. Ng5 Qf5 22. Nxe4 dxe4 23. Rxe4 Qxf4 24. Rxe8+ 1-0

[Event "32. Potsdamer Weihnachtsturnier"]
[Site "Potsdam"]
[Date "31.14.23"]
[Round "3.32"]
[White "Geike, Eberhard"]
[Black "Hoffmann, Axel"]
[Result "1-0"]
[WhiteElo "1739"]
[BlackElo "1379"]
[PlyCount "63"]
[EventDate "31.??.??"]

1. e4 d5 2. exd5 Qxd5 3. Nc3 Qd6 4. d4 Nf6 5. Be2 Nc6 6. Nf3 Bf5 7. O-O e6 8.
Be3 Be7 9. Na4 Ng4 10. Nc5 Rb8 11. g3 Nxe3 12. fxe3 Qd8 13. Nd3 Bg5 14. Nf4 h5
15. Nxg5 Qxg5 16. Kf2 Rd8 17. h4 Qe7 18. Nxh5 Rh7 19. c3 e5 20. Qb3 exd4 21.
exd4 Rb8 22. Rae1 Be6 23. d5 Qc5+ 24. Kg2 Na5 25. Qa4+ Bd7 26. Bg4+ Kf8 27.
Qxd7 g6 28. Nf6 Rh8 29. Re8+ Rxe8 30. Qxe8+ Kg7 31. Nh5+ Rxh5 32. Rxf7+ 1-0

[Event "32. Potsdamer Weihnachtsturnier"]
[Site "Potsdam"]
[Date "31.14.23"]
[Round "3.34"]
[White "Hildebrandt, Stephan"]
[Black "Bielick, Jakob"]
[Result "1-0"]
[WhiteElo "1559"]
[BlackElo "1688"]
[PlyCount "65"]
[EventDate "31.??.??"]

1. d4 d5 2. c4 e6 3. Nc3 Nf6 4. Nf3 Nbd7 5. Bg5 c6 6. Qc2 Qa5 7. Bd2 dxc4 8. e4
b5 9. e5 Ng8 10. Ne4 Qc7 11. a4 Bb7 12. Be2 a6 13. O-O c5 14. Be3 cxd4 15. Bxd4
Nh6 16. Nd6+ Kd8 17. Ng5 Bxd6 18. exd6 Qxd6 19. Bxg7 Ke7 20. Bxh6 Rag8 21. Bh5
f6 22. Ne4 Qe5 23. Bf3 Nc5 24. Rfe1 Nd3 25. Re2 Nf4 26. Bxf4 Qxf4 27. Rae1 f5
28. Ng3 Bxf3 29. Rxe6+ Kd7 30. gxf3 Qxf3 31. Rf6 f4 32. Qf5+ Kc7 33. Re7+ 1-0